[Event "Barcelona Rubi op-B 5th"]
[Site "Barcelona"]
[Date "2004.04.??"]
[Round "2"]
[White "Mayo Delgado, Alfonso"]
[Black "Cuevas Bellon, Blas"]
[Result "1-0"]
[WhiteElo "1735"]
[BlackElo "1700"]
[PlyCount "35"]
[EventDate "2004.04.25"]
[EventType "swiss"]
[EventRounds "7"]
[EventCountry "ESP"]
[SourceTitle "EXT 2007"]
[Source "ChessBase"]
[SourceDate "2006.11.23"]
[SourceVersion "1"]
[SourceVersionDate "2006.11.23"]
[SourceQuality "1"]

1. e4 e5 2. Nf3 d6 3. Bc4 h6 4. Nc3 Nf6 5. d4 exd4 6. Nxd4 c5 7. Nf3 Bd7 8. 0-0 Qc7 9. Bf4 Be7 10. e5 dxe5 11. Bxe5 Qc8 12. Bxf6 Bxf6 13. Re1+ Be7 14. Qd6 Nc6 15. Nd5 0-0 16. Nxe7+ Nxe7 17. Rxe7 Bc6 18. Qf4 1-0